Comunicación masiva y revolución socialista / (Record no. 72873)

MARC details
000 -LEADER
campo de control de longitud fija 00943cam a2200313Ii 4500
001 - NÚMERO DE CONTROL
campo de control 44670
005 - FECHA Y HORA DE LA ÚLTIMA TRANSACCIÓN
campo de control 20230410124207.0
008 - DATOS DE LONGITUD FIJA--INFORMACIÓN GENERAL
campo de control de longitud fija 770429s1974 mx b 000 0 spa d
035 ## - NÚMERO DE CONTROL DEL SISTEMA
Número de control de sistema (OCoLC)ocm02927519
040 ## - FUENTE DE CATALOGACIÓN
Centro catalogador/agencia de origen CRU
Centro/agencia transcriptor CRU
Centro/agencia modificador OCLCQ
-- DRFGD
029 1# - OTRO NÚMERO DE CONTROL DE SISTEMA (OCLC)
Identificador de la biblioteca OCLC NLGGC
Número de control de sistema 099476193
035 ## - NÚMERO DE CONTROL DEL SISTEMA
Número de control de sistema (OCoLC)2927519
043 ## - CÓDIGO DE ÁREA GEOGRÁFICA
Código de área geográfica s-cl---
050 14 - SIGNATURA TOPOGRÁFICA DE LA BIBLIOTECA DEL CONGRESO
Número de clasificación P 90
Número de ítem M435c 1974
049 ## - FONDOS LOCALES (OCLC)
Biblioteca depositaria GRAL
100 1# - ENTRADA PRINCIPAL--NOMBRE DE PERSONA
Nombre de persona Mattelart, Armand.
245 10 - MENCIÓN DEL TÍTULO
Título Comunicación masiva y revolución socialista /
Mención de responsabilidad, etc. Armand Mattelard [i.e. Mattelart], Patricia Biedma, Santiago Funes.
250 ## - MENCION DE EDICION
Mención de edición [2a ed.].
260 ## - PUBLICACIÓN, DISTRIBUCIÓN, ETC.
Lugar de publicación, distribución, etc. México :
Nombre del editor, distribuidor, etc. Editorial Diógenes,
Fecha de publicación, distribución, etc. 1974.
300 ## - DESCRIPCIÓN FÍSICA
Extensión 334 p. ;
Dimensiones 17 cm.
504 ## - NOTA DE BIBLIOGRAFÍA, ETC.
Nota de bibliografía, etc. Includes bibliographical references.
650 #0 - PUNTO DE ACCESO ADICIONAL DE MATERIA--TÉRMINO DE MATERIA
Término de materia o nombre geográfico como elemento de entrada Mass media
Subdivisión general Social aspects.
650 #0 - PUNTO DE ACCESO ADICIONAL DE MATERIA--TÉRMINO DE MATERIA
Término de materia o nombre geográfico como elemento de entrada Mass media
Subdivisión general Social aspects
Subdivisión geográfica Chile.
700 1# - ENTRADA AGREGADA--NOMBRE PERSONAL
Nombre de persona Biedma, Patricio.
700 1# - ENTRADA AGREGADA--NOMBRE PERSONAL
Nombre de persona Funes, Santiago.
942 ## - ELEMENTOS DE ENTRADA SECUNDARIOS (KOHA)
Fuente del sistema de clasificación o colocación Clasificación de Library of Congress
Tipo de ítem Koha
946 ## - PROCESAMIENTO DE INFORMACIÓN LOCAL (OCLC)
a lmminaya
994 ## -
-- C0
-- DRFGD
Holdings
Estatus retirado Estado de pérdida Fuente del sistema de clasificación o colocación Estado de daño No para préstamo Colección Biblioteca de origen Biblioteca actual Ubicación en estantería Fecha de adquisición Serial enumeration / chronology Signatura topográfica completa Código de barras Visto por última vez Copia número Tipo de ítem Koha
    Clasificación de Library of Congress     Humanidades Biblioteca Juan Bosch Biblioteca Juan Bosch Humanidades (4to. Piso) 10/04/2023 1 P 90 M435c 1974 00000045767 25/10/2018 1